书目信息 |
| 书名: | Sociology of deviant behavior | |
| 作者: | Marshall B. Clinard, Robert F. Meier. | |
| 分册号: | ||
| 分册名: | 出版地: | Fort Worth : |
|
| 出版社: | Harcourt Brace College Publishers | |
| 出版时间: | c2001. | |
| 页数: | 568,76,22 p. : | |
| 开本: | 25 cm. | |
| 丛书名: | ||
| 中图分类号: | ||
| 科图分类号: | ||
| 其他分类号: | C912.6 | |
| 主题词: | ||
| 电子资源: | ||
| 000 | 00956nam 2200301 a 4500 | |
| 001 | E0741542187 | |
| 005 | 20070514113516.93 | |
| 008 | 9807082001 txua b 001 0 eng | |
| 010 | @a 97072383 | |
| 020 | @a0-15-506569-6. | |
| 040 | @aDLC@cDLC | |
| 050 | 00 | @aHM291@b.C58 1998 |
| 082 | 00 | @a302.5/42 @2 21 |
| 090 | @aC912.6@2 4 | |
| 092 | @aZK99-02-0051 | |
| 093 | @aC912.6 @2 4 | |
| 093 | @aC913.8 @2 4 | |
| 099 | @dC912.6@ex180=11 | |
| 100 | 1 | @aClinard, Marshall Barron,@d1911- |
| 245 | 10 | @aSociology of deviant behavior / @cMarshall B. Clinard, Robert F. Meier. |
| 250 | @a11th ed. | |
| 260 | @aFort Worth :@bHarcourt Brace College Publishers,@cc2001. | |
| 300 | @a568,76,22 p. :@bill. ;@c25 cm. | |
| 504 | @aIncludes bibliographical references and indexes. | |
| 650 | 0 | @aDeviant behavior. |
| 650 | 0 | @aCriminal psychology. |
| 700 | 1 | @aMeier, Robert F.@q(Robert Frank),@d1944- |
| 920 | @a232010@z1 | |
| Sociology of deviant behavior / / Marshall B. Clinard, Robert F. Meier.-11th ed.-Fort Worth : : Harcourt Brace College Publishers, , c2001. |
| 568,76,22 p. : : ill. ; ; 25 cm. |
| Includes bibliographical references and indexes. |
| ISBN 0-15-506569-6. |
| ● |
| 相关链接 |
|
|
|
|
正题名:Sociology of deviant behavior
索取号:C912.6/x180=11
 
预约/预借
| 序号 | 登录号 | 条形码 | 馆藏地/架位号 | 状态 | 备注 |
| 1 | 8811 | 300088116 | 第二样本阅览室/ [索取号:C912.6/x180=11] | 在馆 | |
| 2 | 8812 | 300088125 | 第四借阅区/ [索取号:C912.6/x180=11] | 在馆 | |
| 3 | 8813 | 300088134 | 第四借阅区/ [索取号:C912.6/x180=11] | 在馆 |